|
|
|
|
| LEADER |
00000cam a2200000 i 4500 |
| 001 |
1/67451 |
| 008 |
071213s2006 gr | ||| |||| ||gre|| |
| 020 |
|
|
|a 9602184728
|
| 035 |
|
|
|l 10093058
|
| 040 |
|
|
|a GR-MyUA
|b gre
|e AACR2
|
| 041 |
1 |
|
|a gre
|h eng
|
| 082 |
0 |
|
|a 327.1120905
|2 (22)
|
| 100 |
1 |
|
|a Leonard, Mark,
|d 1974-
|
| 245 |
1 |
0 |
|a 21ος :
|b ο αιώνας της Ευρώπης /
|c Mark Leonard ; πρόλογος Λουκάς Τσούκαλης ; μετάφραση Ξενοφώντας Γιαταγάνας.
|
| 250 |
|
|
|a 1η έκδ.
|
| 260 |
|
|
|a Αθήνα :
|b Κριτική,
|c 2006.
|
| 300 |
|
|
|a 204 σ. ;
|c 21 εκ.
|
| 490 |
1 |
|
|a (Cosmos (Κριτική)
|v ; 13)
|
| 500 |
|
|
|a Τίτλος πρωτοτύπου: Why Europe will run the 21st century.
|
| 650 |
0 |
0 |
|a Balance of trade
|x Forecasting.
|
| 650 |
0 |
0 |
|a World politics
|y 21st century
|x Forecasting.
|
| 650 |
0 |
0 |
|a International relations
|x Forecasting.
|
| 651 |
|
0 |
|a Europe
|x Foreign relations
|y 21st century
|x Forecasting.
|
| 700 |
1 |
|
|a Τσούκαλης, Λουκάς,
|d 1950-
|e aui
|
| 700 |
1 |
|
|a Γιαταγάνας, Ξενοφών Α.,
|d 1948-
|e trl
|
| 830 |
|
0 |
|a Cosmos ;
|v 13
|
| 852 |
|
|
|a INST
|b LESVOS
|e 20071213
|h 327.1120905 MAR
|p 005100040420
|q 005100040420
|t BK
|y 0
|
| 852 |
|
|
|a INST
|b RHODES
|c EUDOXUS
|e 20140110
|h 327.1120905 MAR
|p 005400035990
|q 005400035990
|t EDX
|y 0
|
| 901 |
|
|
|a BIBL1-2007-3
|
| 901 |
|
|
|a BIBL4-2014-1
|
| 909 |
|
|
|a Λ
|b 142196
|
| 909 |
|
|
|a Ρ
|b 182498
|
| 920 |
|
|
|a ΕΥΔΟΞΟΣ
|b ΠΑΡΑΓΓΕΛΙΑ
|y Ρόδος-ΤΜΣ
|z 2013-12
|
| 922 |
|
|
|a 1ΕΛΗ
|b 200711
|c ΕΠΕΑΕΚ2/ΤΚ
|d Σ. ΠΑΤΑΚΗΣ
|
| 970 |
|
|
|a ΚΑΡΑ
|b ΓΙΑΣΕΜΗ
|z 2007/12/13
|